| 000 | 00662nam a22001817a 4500 | ||
|---|---|---|---|
| 003 | 0 | ||
| 005 | 20251009094010.0 | ||
| 008 | 251009b xxu||||| |||| 00| 0 eng d | ||
| 020 | _a978-1-032-37014-9 | ||
| 050 |
_aTA 166 _b.I58 2025 |
||
| 245 |
_aIntroduction to human factors : _bapplying psychology to design / _cNancy J. Stone, Alex Chaparro, Joseph R. Keebler, Barbara S. Chaparro, and Daniel S. McConnell. |
||
| 250 | _aSecond edition. | ||
| 260 |
_aBoca Raton, FL : _bCRC Press, _c2025. |
||
| 300 |
_axx, 349 pages : _billustrations ; _c26 cm. |
||
| 504 | _aIncludes bibliographical references and index. | ||
| 650 | _aHuman engineering. | ||
| 942 |
_2lcc _cBK |
||
| 999 |
_c368193 _d368193 |
||